000 01087nam2a22002531 4500
001 RU\NLR\INFOCOMM9\5000004164
005 20250617145013.0
035 _a(NLR Aleph) 002725290
090 _a1911047
_c1911047
100 _a20041215d1940 |||y0rusy50 ca
101 0 _arus
102 _aRU
105 _ay ||||000|y
200 1 _aВосстановление тяговых обустройств на фронтовых железнодорожных участках
_fМудрук, А.М.
210 _d1940
_aБ. м.
461 0 _1001RU\NLR\INFOCOMM9\5000004027
_12001#$aТруды Академии$fВоен. акад. тыла и транспорта$v1940, Вып.4
_91911038
_aВоенная академия тыла и транспорта (Ленинград)
_cЛ.
_d1939-
_fВоен. акад. тыла и транспорта
_tТруды Академии
_v1940, Вып.4
700 1 _aМудрук
_bА.М.
_4070
801 1 _aRU
_bInfoComm
_c20041215
801 0 _aRU
_bNLR
_gPSBO
852 _aNLR
_j39-17/370
942 _cISSUE
980 _aNB
980 _aRUSPER